000 00283 a2200109 4500
001 13190
082 _a621.3815324 THE
090 _c10193
_d10193
100 _aThede,L.
245 _aPractical Analog and digital filter design+ CD
260 _aLondon
_bAtech House, Inc.
_c2005
942 _aNUST-CAE
_k621.3815324 THE
999 _c248263
_d248263